000 00865nac a22002171u 4500
010 _a 93010415
020 _a0023131616
082 0 0 _a621.3192
_bB7927
090 _c4432
_d4432
100 _aBoylestad, Robert L.
245 1 0 _aIntroductory circuit analysis /
_cRobert L. Boylestad.
250 _a8th ed.
_bInternational ed.
260 _aNew York :
_bMerrill ;
_aToronto :
_bMaxwell Macmillan Canada ;
_aNew York :
_bMaxwell Macmillan International,
_cc1994.
300 _axviii, 1114 p. :
_bill. ;
_c26 cm.
500 _aIncludes index.
500 _aInternational Edition.
650 0 _aElectric circuits.
650 0 _aElectric circuit analysis
_xData processing.
942 _cBB
_k621.3192B7927
999 _c4432
_d4432